Red Hot Chili Peppers - Spotify Top Songs - Statistics

General Stats
  • This quiz has been taken 126 times
  • The average score is 9 of 15
Answer Stats
Hint Answer % Correct
1 Californication
98%
2 Under The Bridge
86%
5 Scar Tissue
85%
3 Can't Stop
82%
7 Dani California
75%
4 Otherside
74%
8 By the Way
71%
6 Snow (Hey Oh)
60%
10 Give It Away
53%
9 Dark Necessities
50%
11 The Zephyr Song
49%
12 Around the World
36%
13 Soul to Squeeze
23%
15 Higher Ground
22%
14 Road Trippin'
15%
No matching quizzes found
Score Distribution
Percent of People with Each Score
Percentile by Number Answered
Your Score History
You have not taken this quiz